000 00854nam a22002177a 4500
999 _c370931
_d370931
008 201130b ||||| |||| 00| 0 eng d
040 _bger
_cDE-2950
_erda
_aDE-2950
041 _ager
100 _aGutke Thomas:
245 _aFrankfurter Linke hadert mit Wahldebakel- und ihrem OB.
_bBundestagswahl: Nicht nur im Bund, auch in Frankfurt schnitt die Linke historisch schlecht ab. Der Kreisvorsitzende Stefan Kunath will nach vorn schauen./
_cGutke Thomas
264 _c2021
653 _aFrankfurt (Oder)
653 _aBundestagswahl
653 _aDie Linke
653 _aKunath, Stefan 1989-
773 _dFrankfurt (Oder): Märkisches Verlags- und Druckhaus GmbH & Co KG
_g32. Jahrgang (2021) Nr. 236 vom 09.10/10.10.2021, S. 17
_tMärkische Oderzeitung
942 _cA